| 000 | 00952cam a22001814a 4500 | ||
|---|---|---|---|
| 005 | 20250605163349.0 | ||
| 008 | 250528s ||||||||||||||||||||||||d | ||
| 035 | _a17645 | ||
| 020 | _a9786188095526 | ||
| 040 |
_aGR-AtMCL _bgre _dGR-AtMCL _eAACR2 |
||
| 245 | 1 | _aΜάθετε τα Windows 8 / Οι Μεγάλες Αλλαγές, Το Νεό Περιβάλλον, Περιλαμβάνει την Έκδοση 8.1 | |
| 260 |
_bDigerati, _c2014 |
||
| 300 | _a98 | ||
| 520 | _aΤο δημοφιλές λειτουργικό σύστημα της Microsoft στην τελευταία του έκδοση προσφέρει ένα σύγχρονο και Μοντέρνο περιβάλλον. Στον Κόσμο των Windows 8, Ξεπερνώντας το αρχικό σοκ, Επιφανειακές Αλλαγές, Σερφάροντας με στυλ, Εφαρμογές για όλους. | ||
| 942 | _cBK | ||
| 999 |
_c3047 _d3047 |
||